| 000 | 01162cam a2200349 i 4500 | ||
|---|---|---|---|
| 001 | 18652920 | ||
| 003 | OSt | ||
| 005 | 20230203111216.0 | ||
| 008 | 150610s2017 mau b 001 0 eng | ||
| 010 | _a 2015021938 | ||
| 020 | _a9780134165776 (pbk.) | ||
| 020 | _a0134165772 | ||
| 040 |
_aDLC _beng _cDLC _erda _dDLC |
||
| 042 | _apcc | ||
| 050 | 0 | 0 |
_aRC466 _b.H33 2017 |
| 100 | 1 |
_aHackney, Harold, _d1935- |
|
| 245 | 1 | 0 |
_aProfessional counseling : _ba process guide to helping / _cHarold L. Hackney & Janine M. Bernard |
| 250 | _a8th ed. | ||
| 264 | 1 |
_aBoston : _bPearson, _c2017 |
|
| 300 | _axv, 296 p. | ||
| 336 |
_atext _2rdacontent |
||
| 337 |
_aunmediated _2rdamedia |
||
| 338 |
_avolume _2rdacarrier |
||
| 500 | _aRevision of: Professional counselor / Harold L. Hackney, Sherry Cormier. 2013. 7th ed. | ||
| 504 | _aIncludes bibliographical references and index. | ||
| 650 | 0 | _aMental health counseling. | |
| 650 | 0 | _aCounseling. | |
| 700 | 1 | _aBernard, Janine M. | |
| 906 |
_a7 _bcbc _corignew _d1 _eecip _f20 _gy-gencatlg |
||
| 942 |
_2lcc _cBK |
||
| 999 |
_c19913 _d19912 |
||